[Event "AUTO-ELITE-1191"]
[Site "http://www.queenalice.com/game.php?id=1206995"]
[Date "2013.8.10"]
[Round "1"]
[White "shiyamiya"]
[Black "jovelino"]
[Result "1-0"]
[WhiteElo "2249"]
[BlackElo "2135"]

1. Nf3 Nf6 2. g3 c5 3. c4 Nc6 4. Nc3 g6 5. Bg2 Bg7 6. O-O a6 7. d4 cxd4 8. Nxd4
O-O 9. Nc2 d6 10. Ne3 Bd7 11. Bd2 Rc8 12. Qb3 Na5 13. Qb4 Nc6 14. Qxb7 Rb8 15.
Qxa6 Rxb2 16. Rfd1 Rb6 17. Qa3 Ne5 18. c5 dxc5 19. Qxc5 Re6 20. Ncd5 Nxd5 21.
Nxd5 Bc6 22. Ba5 Qa8 23. Nc7 Qb7 24. Nxe6 fxe6 25. Rab1 Qa8 26. Bxc6 Nxc6 27.
Bc3 Bxc3 28. Qxc3 e5 29. Qc4+ Rf7 30. Rb5 Kg7 31. Rc5 Nd4 32. Rxe5 Nf5 33. a4 h5
34. a5 1-0

[Event "AUTO-ELITE-1191"]
[Site "http://www.queenalice.com/game.php?id=1206998"]
[Date "2013.8.10"]
[Round "1"]
[White "Buuuu"]
[Black "shiyamiya"]
[Result "0-1"]
[WhiteElo "2209"]
[BlackElo "2209"]

1. e4 c5 2. Nf3 d6 3. d4 cxd4 4. Nxd4 Nf6 5. Nc3 a6 6. Bc4 e6 7. Bb3 Be7 8. g4
h6 9. Be3 Nbd7 10. Bxe6 fxe6 11. Nxe6 Qa5 12. Nxg7+ Kf7 13. Nf5 Nxe4 14. Nxh6+
Rxh6 15. Bxh6 Nxc3 16. bxc3 Qxc3+ 17. Kf1 Qh3+ 18. Ke1 Qxh6 19. Rb1 Ne5 20. Rb4
Nxg4 0-1

[Event "AUTO-ELITE-1191"]
[Site "http://www.queenalice.com/game.php?id=1206999"]
[Date "2013.8.10"]
[Round "1"]
[White "shiyamiya"]
[Black "Buuuu"]
[Result "1-0"]
[WhiteElo "2221"]
[BlackElo "2186"]

1. c4 e5 2. Nc3 Nf6 3. Nf3 Nc6 4. g3 d5 5. cxd5 Nxd5 6. Bg2 Nb6 7. O-O Be7 8. a3
g5 9. d3 g4 10. Nd2 h5 11. Nc4 h4 12. Bxc6+ bxc6 13. Nxe5 hxg3 14. hxg3 Bd6 15.
Bf4 Qe7 16. d4 Bb7 17. Ne4 Nd5 18. Bg5 Qe6 19. Qb3 Bxe5 20. Qxb7 O-O 21. dxe5
Qxe5 22. Qxc6 Qxe4 23. Rfd1 Rad8 24. Bxd8 Rxd8 25. Rac1 Rd6 26. Qc4 Qf5 27. Rd4
Nf6 28. Rxd6 1-0

[Event "AUTO-ELITE-1191"]
[Site "http://www.queenalice.com/game.php?id=1230815"]
[Date "2013.11.7"]
[Round "2"]
[White "rheenz"]
[Black "shiyamiya"]
[Result "1-0"]
[WhiteElo "2625"]
[BlackElo "2260"]

1. e4 c5 2. Nc3 Nc6 3. Nf3 a6 4. d4 cxd4 5. Nxd4 e6 6. Be2 Qc7 7. Be3 Nf6 8. O-O
Be7 9. f4 d6 10. Qe1 O-O 11. Qg3 d5 12. e5 Ne4 13. Nxe4 dxe4 14. c3 Nxd4 15.
Bxd4 b5 16. Bg4 Qc6 17. Rae1 Qd5 18. Qe3 Bb7 19. f5 exf5 20. Bxf5 Qxa2 21. Qh3
g6 22. e6 f6 23. Qh6 Rf7 24. exf7+ Qxf7 25. Bxe4 Bxe4 26. Rxe4 Rf8 27. Qe3 Bd8
28. Bc5 Qb7 29. Re8 Rxe8 30. Qxe8+ 1-0

[Event "AUTO-ELITE-1191"]
[Site "http://www.queenalice.com/game.php?id=1230816"]
[Date "2013.11.7"]
[Round "2"]
[White "shiyamiya"]
[Black "rheenz"]
[Result "0-1"]
[WhiteElo "2259"]
[BlackElo "2626"]

1. Nf3 d5 2. d4 Nf6 3. g3 Nc6 4. Bg2 g6 5. Nc3 Bg7 6. Ne5 O-O 7. O-O Be6 8. Bg5
h6 9. Bf4 Nh5 10. Nxc6 bxc6 11. Bc1 Nf6 12. Na4 Re8 13. Nc5 Bf5 14. h3 e5 15. g4
Bc8 16. dxe5 Rxe5 17. b4 a5 18. Bb2 Re8 19. a3 Bxg4 20. hxg4 Nxg4 21. Bd4 Qh4
22. Re1 Re5 23. Qd2 Rg5 24. e4 Nh2 25. Re3 dxe4 26. Nxe4 Qxe4 27. Rxe4 Nf3+ 28.
Kh1 Rh5+ 29. Bh3 Nxd2 0-1

[Event "AUTO-MASTER-1887"]
[Site "http://www.queenalice.com/game.php?id=1243770"]
[Date "2013.12.29"]
[Round "2"]
[White "shiyamiya"]
[Black "Andrez"]
[Result "1-0"]
[WhiteElo "2265"]
[BlackElo "2089"]

1. Nf3 f5 2. d4 Nf6 3. Nc3 e6 4. Bg5 Be7 5. Bxf6 Bxf6 6. e4 fxe4 7. Nxe4 O-O 8.
Qd2 b6 9. O-O-O Bb7 10. Bd3 a5 11. h4 Na6 12. Neg5 h6 13. Nh7 Rf7 14. Bg6 Re7
15. Nxf6+ gxf6 16. Qxh6 Qf8 17. Qe3 Nb4 18. a3 Nd5 19. Qd2 d6 20. h5 Qg7 21. Be4
f5 22. h6 Qg6 23. Bd3 Nf6 24. Nh4 Qh7 25. Rh3 Kf8 26. Rg3 Ke8 27. Qg5 Rf7 28. f3
Kd7 29. Nxf5 Qg8 30. Ng7 Raf8 31. Qe3 Re7 32. Rh1 Rff7 33. Rhh3 Rxg7 34. hxg7
Rxg7 35. Qf2 Rxg3 36. Rxg3 Qf8 37. Qe3 Nd5 38. Qe4 Qh6+ 39. f4 Bc6 40. Rg5 Qh4
41. g3 Qh2 42. Qh7+ Qxh7 43. Bxh7 Nf6 44. Rg7+ Kd8 45. Bd3 b5 46. g4 Be8 47. g5
Nd5 48. Rg8 Nxf4 49. Bxb5 1-0

[Event "AUTO-MASTER-1887"]
[Site "http://www.queenalice.com/game.php?id=1243771"]
[Date "2013.12.29"]
[Round "2"]
[White "Andrez"]
[Black "shiyamiya"]
[Result "0-1"]
[WhiteElo "2101"]
[BlackElo "2258"]

1. g4 d5 2. g5 e5 3. d3 Nc6 4. Bg2 Be6 5. h4 Qd6 6. Nc3 Nge7 7. e4 O-O-O 8. Nge2
d4 9. Nb1 h6 10. f4 exf4 11. Nxf4 Ng6 12. Nxe6 fxe6 13. Qf3 Be7 14. Na3 Rdf8 15.
Qg4 Nce5 16. Qh3 hxg5 17. h5 Nh4 18. Qg3 Nef3+ 19. Kf2 Nd2+ 0-1

[Event "AUTO-MASTER-1887"]
[Site "http://www.queenalice.com/game.php?id=1243772"]
[Date "2013.12.29"]
[Round "2"]
[White "shiyamiya"]
[Black "Flashinho"]
[Result "1-0"]
[WhiteElo "2317"]
[BlackElo "2254"]

1. e4 e5 2. Nf3 Nc6 3. Bb5 d6 4. O-O Nf6 5. d3 Be7 6. Nc3 O-O 7. Be3 Na5 8. Qd2
c6 9. Ba4 b5 10. Bb3 Qc7 11. h3 b4 12. Ne2 d5 13. Ng3 dxe4 14. dxe4 Ba6 15. Rfd1
Rad8 16. Qe1 c5 17. c3 Bb7 18. cxb4 Nxb3 19. axb3 Nxe4 20. Rxa7 Rxd1 21. Qxd1
Nxg3 22. fxg3 cxb4 23. Qf1 Bd6 24. Qb5 Rb8 25. Nd2 Qc1+ 26. Nf1 Qc8 27. Nd2 Qc1+
28. Nf1 Qc8 29. Nd2 Bc6 30. Qc4 Rb7 31. Ra5 1-0

[Event "AUTO-MASTER-1887"]
[Site "http://www.queenalice.com/game.php?id=1243773"]
[Date "2013.12.29"]
[Round "2"]
[White "Flashinho"]
[Black "shiyamiya"]
[Result "0-1"]
[WhiteElo "2244"]
[BlackElo "2327"]

1. d4 Nf6 2. c4 d5 3. Nc3 g6 4. cxd5 Nxd5 5. e4 Nxc3 6. bxc3 Bg7 7. Bc4 O-O 8.
Ne2 c6 9. O-O b5 10. Bb3 a5 11. Bf4 a4 12. Bc2 Nd7 13. Qd2 Re8 14. Bh6 Bh8 15.
e5 Nb6 16. Be4 Bb7 17. Qd3 e6 18. f4 Nc4 19. Rf3 Nb2 20. Qc2 a3 21. Bg5 Qb6 22.
Nc1 c5 23. Bxb7 Qxb7 24. dxc5 Bg7 25. Nb3 Bf8 26. Bf6 Rac8 27. Rc1 Bxc5+ 0-1

[Event "AUTO-ELITE-1315"]
[Site "http://www.queenalice.com/game.php?id=1271132"]
[Date "2014.4.7"]
[Round "1"]
[White "shiyamiya"]
[Black "artegasparphb"]
[Result "1-0"]
[WhiteElo "2343"]
[BlackElo "2199"]

1. c4 d5 2. cxd5 Qxd5 3. Nc3 Qd8 4. d4 Nf6 5. Nf3 Bg4 6. Ne5 Bh5 7. Qd3 e6 8. e4
c6 9. Bg5 Be7 10. f3 Nbd7 11. g4 Bg6 12. h4 h6 13. Nxg6 fxg6 14. Bd2 Nh7 15.
O-O-O Bxh4 16. e5 Nhf8 17. f4 Qe7 18. Ne4 O-O-O 19. a3 g5 20. Bb4 c5 21. Nd6+
Kb8 22. dxc5 Bf2 23. Qf3 Nxc5 24. Qxf2 Na4 25. Kb1 gxf4 26. Nb5 Rxd1+ 27. Kc2
Qd8 28. Bd6+ Kc8 29. Nxa7+ Kd7 30. Bb5# 1-0

[Event "AUTO-ELITE-1315"]
[Site "http://www.queenalice.com/game.php?id=1271133"]
[Date "2014.4.7"]
[Round "1"]
[White "artegasparphb"]
[Black "shiyamiya"]
[Result "0-1"]
[WhiteElo "2167"]
[BlackElo "2309"]

1. e4 c5 2. Nf3 d6 3. Nc3 a6 4. Be2 Nc6 5. O-O Nf6 6. d3 e6 7. Re1 Be7 8. Bg5
O-O 9. h3 h6 10. Bh4 g5 11. Bg3 Qb6 12. b3 Qa5 13. Na4 Nh5 14. Bh2 b5 15. Nb2
Qc3 16. Qc1 Nf4 17. Nd1 Qxe1+ 0-1

[Event "AUTO-ELITE-1315"]
[Site "http://www.queenalice.com/game.php?id=1271134"]
[Date "2014.4.7"]
[Round "1"]
[White "shiyamiya"]
[Black "colognestar"]
[Result "1-0"]
[WhiteElo "2337"]
[BlackElo "2148"]

1. Nf3 d5 2. d4 Nf6 3. g3 c5 4. c3 e6 5. Bg2 Nc6 6. O-O Be7 7. Bf4 Qb6 8. b3 O-O
9. a4 Na5 10. Nbd2 cxd4 11. Nxd4 Bd7 12. b4 Nc6 13. a5 Qd8 14. a6 bxa6 15. Nxc6
Bxc6 16. Rxa6 Qc8 17. Ra5 d4 18. cxd4 Bxg2 19. Kxg2 Bxb4 20. Ra1 Nd5 21. Nf3
Nxf4+ 22. gxf4 a5 23. Qd3 Qc7 24. Qe4 Bc3 25. Rac1 a4 26. Ne5 Qa5 27. Nc6 Qb6
28. Rxc3 1-0

[Event "AUTO-ELITE-1315"]
[Site "http://www.queenalice.com/game.php?id=1271135"]
[Date "2014.4.7"]
[Round "1"]
[White "colognestar"]
[Black "shiyamiya"]
[Result "0-1"]
[WhiteElo "2170"]
[BlackElo "2301"]

1. e4 c5 2. c3 Nc6 3. d4 cxd4 4. cxd4 d5 5. e5 Bf5 6. Nc3 a6 7. Nf3 e6 8. Be2
Rc8 9. O-O Nb4 10. a3 Nc6 11. Qb3 b5 12. a4 Na5 13. Qa2 b4 14. Bg5 f6 15. exf6
gxf6 0-1

[Event "AUTO-ELITE-1320"]
[Site "http://www.queenalice.com/game.php?id=1274597"]
[Date "2014.4.20"]
[Round "1"]
[White "yamato"]
[Black "shiyamiya"]
[Result "1-0"]
[WhiteElo "2315"]
[BlackElo "2338"]

1. d4 d5 2. Nf3 Nf6 3. c4 c6 4. e3 g6 5. Nc3 Bg7 6. Bd3 O-O 7. O-O Qd6 8. Bd2
dxc4 9. Bxc4 Nbd7 10. Qc2 e5 11. Rfd1 exd4 12. exd4 Nb6 13. Be2 Bf5 14. Qb3 Rfe8
15. h3 Ne4 16. Nxe4 Bxe4 17. Be3 Rad8 18. Rd2 Nd5 19. Bg5 Rb8 20. Bh4 b5 21. Bg3
Nf4 22. Bd1 1-0

[Event "AUTO-ELITE-1320"]
[Site "http://www.queenalice.com/game.php?id=1274598"]
[Date "2014.4.20"]
[Round "1"]
[White "shiyamiya"]
[Black "yamato"]
[Result "0-1"]
[WhiteElo "2351"]
[BlackElo "2302"]

1. d4 Nf6 2. Nf3 d6 3. g3 Nbd7 4. Bg2 e5 5. O-O Be7 6. c4 O-O 7. Nc3 c6 8. b3
Re8 9. Bb2 Bf8 10. Qd2 Qc7 11. Rfd1 a6 12. Ng5 h6 13. dxe5 dxe5 14. Nge4 Nxe4
15. Nxe4 a5 16. Nd6 Bxd6 17. Qxd6 Qxd6 18. Rxd6 f6 19. Rad1 Nf8 0-1

[Event "AUTO-ELITE-1367"]
[Site "http://www.queenalice.com/game.php?id=1298057"]
[Date "2014.7.29"]
[Round "1"]
[White "shiyamiya"]
[Black "danbotoy"]
[Result "0-1"]
[WhiteElo "2287"]
[BlackElo "2508"]

1. Nf3 c5 2. e4 e6 3. d4 cxd4 4. Nxd4 Nf6 5. Nc3 Bb4 6. Bg5 h6 7. Bd2 O-O 8. Bd3
e5 9. Nf3 d6 10. O-O Be6 11. h3 Nbd7 12. a3 Bxc3 0-1

[Event "AUTO-ELITE-1367"]
[Site "http://www.queenalice.com/game.php?id=1298058"]
[Date "2014.7.29"]
[Round "1"]
[White "danbotoy"]
[Black "shiyamiya"]
[Result "1-0"]
[WhiteElo "2504"]
[BlackElo "2293"]

1. e4 c5 2. Nc3 Nc6 3. Nf3 d6 4. d3 Nf6 5. Be2 a6 6. O-O e6 7. d4 cxd4 8. Nxd4
Be7 9. Nxc6 bxc6 10. Qd3 O-O 11. Rd1 h6 12. Qg3 Kh8 13. e5 1-0